University Home | Library Home | Institutional Repository

Integrated education, a reader. (Record no. 196071)

MARC details
000 -LEADER
fixed length control field 00620cam3a220018100 4500
001 - CONTROL NUMBER
control field lce00644782
008 - FIXED-LENGTH DATA ELEMENTS--GENERAL INFORMATION
fixed length control field 700928s1968 cauab b 000 0 eng
010 ## - LIBRARY OF CONGRESS CONTROL NUMBER
LC control number 68019321
035 ## - SYSTEM CONTROL NUMBER
System control number (Sirsi) r115483
050 0# - LIBRARY OF CONGRESS CALL NUMBER
Classification number LB 3062 WEI 1968
100 1# - MAIN ENTRY--PERSONAL NAME
Personal name Weinberg, Meyer, 1920-
Dates associated with a name Weinberg, Meyer, 1920-
Linkage A80314.1
245 10 - TITLE STATEMENT
Title Integrated education, a reader.
260 ## - PUBLICATION, DISTRIBUTION, ETC.
Place of publication, distribution, etc. Beverly Hills, Calif.,
Name of publisher, distributor, etc. Glencoe Press
Date of publication, distribution, etc. [1968]
500 ## - GENERAL NOTE
General note Consist of selections from the magazine, Integrated education.
504 ## - BIBLIOGRAPHY, ETC. NOTE
Bibliography, etc. note Includes bibliographies.
650 #0 - SUBJECT ADDED ENTRY--TOPICAL TERM
Topical term or geographic name entry element Segregation in education.
Linkage S29176.1
730 0# - ADDED ENTRY--UNIFORM TITLE
Uniform title Integrated education.

No items available.

© 2026 - The University of Zambia Library - Koha v25.11